000 00702nam a22002297a 4500
999 _c8544
_d8544
003 GBCCL
005 20241126110653.0
008 210405b ||||| |||| 00| 0 eng d
020 _a9780281060375
020 _a0281060371
040 _cgbc
082 _a253
_bCAR
100 _aCarr, Wesley
_91727
245 _aThe pastor as theologian :
_bthe formation of today's ministry in the light of contemporary human sciences /
_cWesley Carr.
250 _a2nd ed.
260 _aLondon :
_bSPCK,
_c2008.
300 _axiv, 178 pages ;
_c22 cm.
440 _aNew library of pastoral care.
_94189
650 _aPastoral theology.
_9414
650 _a Religion and science.
_96213
942 _2ddc
_cBK
_01